00832 2200193 4500245009500000020001800095250001100113100002000124700002200144650002800166650003800194005001900232260004300251041001400294084000800308300002700316500028600343336000900629 aSimple English Conversation b : Panduan Percakapan Bahasa InggriscIpnu R. NugrohohText a9786234004687 aCet. 1 aIpnu R. Nugroho aAstria Sekar Arum aConversation in English aPanduan Percakapan Bahasa Inggris a20240109141102 aYogyakartabAnak Hebat Indonesiac2023 aIndonesia a428 avi, 282 hlm. :c20 cm. aBuku ini cocok untuk pemula yang ingin belajar bahasa Inggris. Berikut apa yang bisa didapatkan dari buku ini adalah :- Tema dialog yang relevan dengan kehidupan sehari-hari- Contoh dialog yang tidak hanya satu saja- Disertai idiom yang dapat digunakan dalam percakapan sehari-hari atext